000 00233nam a2200085Ia 4500
008 120527s9999 xx 000 0 und d
100 _aHAWLENS, R
245 _aMultiple choice questions based on the monthly Add- on journal
942 _cBK
999 _c25706
_d25706